Human resource management in the hospitality industry (Record no. 207876)

MARC details
000 -LEADER
fixed length control field 00476nam a2200157Ia 4500
008 - FIXED-LENGTH DATA ELEMENTS--GENERAL INFORMATION
fixed length control field 231221s9999 xx 000 0 und d
041 ## - LANGUAGE CODE
Language code of text/sound track or separate title English
082 ## - DEWEY DECIMAL CLASSIFICATION NUMBER
Classification number 647.2 GO;1 R
100 ## - MAIN ENTRY--PERSONAL NAME
Personal name Go, Frank MMonachello, Mary LBaum, Tom
245 #0 - TITLE STATEMENT
Title Human resource management in the hospitality industry
260 ## - PUBLICATION, DISTRIBUTION, ETC.
Date of publication, distribution, etc. 1996
Name of publisher, distributor, etc. John Wiley
Place of publication, distribution, etc. NEW YORK
300 ## - PHYSICAL DESCRIPTION
Extent xvii+330
650 ## - SUBJECT ADDED ENTRY--TOPICAL TERM
Topical term or geographic name entry element Hotel management-Industry
650 ## - SUBJECT ADDED ENTRY--TOPICAL TERM
Topical term or geographic name entry element Resource,management,hospitality,industry
942 ## - ADDED ENTRY ELEMENTS (KOHA)
Koha item type Hotel Management Library
Holdings
Date last seen Total checkouts Full call number Accession number Cost, total (INR) price Price effective from Category Lost status Damaged status Department Withdrawn status Home library Current library Shelving location Entry date Vendor Cost, normal purchase price Grants Billnumber Billdate Currency symbol Conversion rate Discount Old discount
26/01/2024   647.2 GO;1 R HM468 1381.21 26/01/2024 Hotel Management Library     HEM   Central Library Central Library HM   Inter Book Distributors (P) Ltd. 1624.95 HM 909 21/06/2010 RS 1 243.74 15

© For any Suggestions or Query, please contact the library staff @ librarian@pes.edu or Phone: +9180 2672 1983/ 2108.